Statistics for Famous People Named Chris

Click here to take the quiz!

General Stats

  • This quiz has been taken 36,125 times
    (14,507 since last reset)
  • The average score is 10 of 20

Answer Stats

Clue Famous Chris % Correct
“Discovered” AmericaChristopher Columbus
99%
Winnie-the-Pooh's friendChristopher Robin
75%
Rihanna's abusive ex-boyfriendChris Brown
74%
Paralyzed Superman actorChristopher Reeve
68%
Santa's aliasKris Kringle
65%
This heartthrob Australian actor
has brothers named Luke and Liam
Chris Hemsworth
62%
Lead singer of ColdplayChris Martin
60%
Starred as BatmanChristian Bale
57%
"Genie in a Bottle" singerChristina Aguilera
56%
Lead actress of the "Twilight" seriesKristen Stewart
56%
Stand-up comedian and Oscar hostChris Rock
55%
Chris appears twice in the name
of this New Jersey governor
Chris Christie
46%
Latest "Batman" directorChristopher Nolan
43%
She won 18 tennis majorsChris Evert
42%
Actor from "Pulp Fiction" and
"The Deer Hunter"
Christopher Walken
38%
Namesake of a French luxury brandChristian Dior
33%
"Tommy Boy" star who died youngChris Farley
33%
Soundgarden lead singer who
died in 2017
Chris Cornell
29%
1.21 gigawatts! Great Scott!Christopher Lloyd
27%
Ice Cube's co-star in "Friday"Chris Tucker
22%

Score Distribution

Percentile by Number Answered

Percent of People with Each Score

Your Score History

You have not taken this quiz since the last reset